LIBRARY ONLINE CATALOGUE

Report of the International consultations on partnership in the water sector for cities in Africa : (Record no. 12952)

MARC details
000 -LEADER
fixed length control field 00612cam a22001932 4500
001 - CONTROL NUMBER
control field 0000005141
005 - DATE AND TIME OF LATEST TRANSACTION
control field 20151217155826.0
008 - FIXED-LENGTH DATA ELEMENTS--GENERAL INFORMATION
fixed length control field 070606s xx 000 0 eng d
020 ## - INTERNATIONAL STANDARD BOOK NUMBER
International Standard Book Number 9211313597 :
Terms of availability KES 1,200
040 ## - CATALOGING SOURCE
Original cataloging agency KABU
Transcribing agency KABU
050 #0 - LIBRARY OF CONGRESS CALL NUMBER
Classification number TD345
Item number .A37R47
245 10 - TITLE STATEMENT
Title Report of the International consultations on partnership in the water sector for cities in Africa :
Remainder of title .
260 ## - PUBLICATION, DISTRIBUTION, ETC. (IMPRINT)
Place of publication, distribution, etc. Nairobi :
Name of publisher, distributor, etc. Habitat,
Date of publication, distribution, etc. 1997.
300 ## - PHYSICAL DESCRIPTION
Extent Ix, 290 p.
650 #0 - SUBJECT ADDED ENTRY--TOPICAL TERM
Topical term or geographic name as entry element Municipal water supply
Geographic subdivision Africa.
-- 0000156262
908 ## - PUT COMMAND PARAMETER (RLIN)
Put command parameter 070606
950 ## - LOCAL HOLDINGS (RLIN)
-- 1
Holdings
Withdrawn status Lost status Source of classification or shelving scheme Not for loan Home library Current library Date acquired Total Checkouts Full call number Barcode Date last seen Price effective from Koha item type
    Library of Congress Classification   Kabarak, Main Campus Kabarak, Main Campus 17/12/2015   TD345 .A37R47 003994 17/12/2015 17/12/2015 Africana Collection